Kuchen und Torten - Statistiken

Allgemein
  • Dieses Quiz wurde 1.253 mal gespielt
  • Das Durchschnittsergebnis liegt bei 7 aus 16
Antwortstatistiken
Bildquiz Antwort % Korrekt
Käsekuchen
98%
Schwarzwälder Kirschtorte
90%
Bienenstich
80%
Marmorkuchen
76%
Donauwelle
73%
Kalter Hund
61%
Maulwurfkuchen
56%
Zupfkuchen
44%
Sachertorte
43%
Frankfurter Kranz
42%
Linzertorte
27%
Herrentorte
13%
Prinzregententorte
6%
Schwedentorte
5%
Malakofftorte
3%
Mailändertorte
1%
Keine übereinstimmenden Quizze gefunden
Verteilung der Resultate
Anzahl Personen mit jedem Resultat
Perzentil nach korrekt beantworteten Fragen
Ihre Resultats-Entwicklung
Sie haben dieses Quiz noch nicht gespielt